000 00698nam a2200217 i 4500
001 72754
003 ES-MaACL
005 20230906171539.0
007 t|
008 040902s1949 mx |||| |dspa d
100 1 _aGoethe, Johann Wolfgang von,
_d1749-1832
_957568
245 1 0 _aGoethe (1749-1949)
_b: textos de homenaje /
_cde Ernst Beutler ... [et al.] ; reunidos por la Unesco.
250 _a1ª ed. en español.
260 _aMéxico :
_bPanamericana,
_c1949.
300 _a177 p. ;
_c18 cm.
600 1 4 _aGoethe, Johann Wolfgang von,
_d1749-1832
_957568
700 1 _aBeutler, Ernest.
_928710
710 2 _aUnesco.
_96999
852 _aES-MaACL
_jB-13496
999 _c72754
_d72754